000 00561nam a22001817a 4500
005 20171023124545.0
010 _aENG-121030
020 _c250.00
_a8175224827
035 _aEN-104562
037 _bDBAD/PUB
082 _a881
100 _aTagore, Rabindranath
245 _aStray birds fireflies & other poems /
_cby Rabindranath Tagore
260 _aKolkata
_bKumkum Bhattacharya
_c2011
270 _a6 Acharya Jagadish Chandra Bose road
_bKolkata
_e700045
300 _aVarious pagings :
_c22cm(pbk)
_bill.
942 _2ddc
_cEN
_h881
_mTAG
999 _c146772
_d146772